000
00330pab a2200145 454500
008
180718b2005 xxu||||| |||| 00| 0 eng d
100
_a
Singh, Shekhar
245
_a
The notion of transparency
260
_c
2005
300
_a
p.46-49.
362
_a
Jul
650
_a
Right to information
773
_a
Seminar
909
_a
65905
999
_c
65905
_d
65905